| 000 | 01311 a2200169 4500 | ||
|---|---|---|---|
| 003 | Nust | ||
| 005 | 20230119124934.0 | ||
| 040 | _cNust | ||
| 082 | _a669.092,SEI | ||
| 100 |
_aSeitz, Frederick _999949 |
||
| 245 |
_aThe Physics of Metals / _cFrederick Seitz, |
||
| 260 |
_aMcGraw-Hill Book Company _bLondon _c1943 |
||
| 300 | _axiii,330 p | ||
| 505 | _aAtomic Arrangement in Metals (Page-1), The Periodic Chart (Page-23), Substitution and Interstitial Alloys (Page-30), The Physical from of Alloys (Page-42), The Elastic Properties of Crystals (Page-63), The Plastic Properties of Single Crystals (Page-70), The Plastic Properties of Polycrystalline Media (Page-106), The Plastic Properties of Alloys (Page-123), Creep and Secondary Plastic Effects (Page-133), Internal Friction (Page-152), Rupture and Fatigue (Page-164), Diffusion in Metals (Page-174), The Solubility of Gases in Metals (Page-192), The Properties of Iron-Carbon Alloys (Page-201), Introduction to the Concepts of Modern Physics (Page-230), The Development of the Electron Theory of Metals (Page-246), The Band Theory of Solids (Page-257), The Cohesion of Solids (Page-281), Alloys (Page-284), The Magnetic Properties of Metals (Page-292), The Electrical Conductivity of Metals (Page-312). | ||
| 650 |
_aMetallurgy _925466 |
||
| 942 |
_2ddc _cBK |
||
| 999 |
_c190829 _d190829 |
||